Flags with Mammals - Statistics

General Stats
  • This quiz has been taken 30 times
  • The average score is 8 of 15
Answer Stats
Picture Hint Answer % Correct
Croatia
97%
USA California
90%
Spain
90%
Fiji
83%
Sri Lanka
83%
USA Wyoming
69%
Belgium Flanders
52%
Germany Berlin
45%
Ukraine Kiev
31%
Canada Prince Edward Island
31%
Australia Tasmania
31%
USA Michigan
28%
Spain Andalusia
24%
France Normandy
24%
Switzerland Uri
21%
No matching quizzes found
Score Distribution
Percent of People with Each Score
Percentile by Number Answered
Your Score History
You have not taken this quiz